| 000 | 00470nam a22001575i 4500 | ||
|---|---|---|---|
| 001 | 53291 | ||
| 003 | ES-MaACL | ||
| 007 | t| | ||
| 008 | 950913q1864 fr ab ||||1| fre d | ||
| 040 |
_aCAM _bspa _cCAM |
||
| 100 | 1 |
_aDuval, Jules. _946376 |
|
| 245 | 1 | 4 |
_aLes colonies et la politique coloniale de La France / _cpar Jules Duval... |
| 260 |
_aParis : _bArthus Bertrand, _c[1864?] |
||
| 300 |
_aXXI, 526 p., [2] h. de map. pleg. ; _c22 cm. |
||
| 852 |
_aES-MaACL _jG-12554 |
||
| 999 |
_c53291 _d53291 |
||